Экспериментальные методы определения математического описания технологических объектов управления / (Record no. 332982)
[ view plain ]
| 000 -LEADER | |
|---|---|
| fixed length control field | 00945nam a2200205 a 4500 |
| 001 - CONTROL NUMBER | |
| control field | 001007687 |
| 003 - CONTROL NUMBER IDENTIFIER | |
| control field | AM-YeHGA |
| 005 - DATE AND TIME OF LATEST TRANSACTION | |
| control field | 20250617150538.0 |
| 008 - FIXED-LENGTH DATA ELEMENTS--GENERAL INFORMATION | |
| fixed length control field | 140318s ||| r 000 0 rus d |
| 040 ## - CATALOGING SOURCE | |
| Original cataloging agency | AM-YeHGA |
| 041 0# - LANGUAGE CODE | |
| Language code of text/sound track or separate title | rus |
| 090 ## - LOCALLY ASSIGNED LC-TYPE CALL NUMBER (OCLC); LOCAL CALL NUMBER (RLIN) | |
| -- | 334751 |
| 100 1# - MAIN ENTRY--PERSONAL NAME | |
| Personal name | Гольдштейн, А.Л. |
| 245 10 - TITLE STATEMENT | |
| Title | Экспериментальные методы определения математического описания технологических объектов управления / |
| Statement of responsibility, etc. | А.Л. Гольдштейн; Перм. политехн. ин-т. |
| 260 ## - PUBLICATION, DISTRIBUTION, ETC. | |
| Place of publication, distribution, etc. | Пермь : |
| Name of publisher, distributor, etc. | Б. и. |
| 300 ## - PHYSICAL DESCRIPTION | |
| Extent | ч. |
| 505 0# - FORMATTED CONTENTS NOTE | |
| Miscellaneous information | Ч. 1 (1974, 120 с., ил.) |
| Title | Статистические методы определения динамических характеристик объектов управления |
| 653 0# - INDEX TERM--UNCONTROLLED | |
| Uncontrolled term | Автоматика |
| 710 2# - ADDED ENTRY--CORPORATE NAME | |
| Corporate name or jurisdiction name as entry element | Пермский политехнической институт |
| Withdrawn status | Lost status | Source of classification or shelving scheme | Damaged status | Not for loan | Collection | Home library | Current library | Date acquired | Total checkouts | Full call number | Barcode | Date last seen | Price effective from | Koha item type | Public note |
|---|---|---|---|---|---|---|---|---|---|---|---|---|---|---|---|
| Universal Decimal Classification | General | Fundamental Scientific Library | Fundamental Scientific Library | 09/01/2017 | PII/343961 | FL0285363 | 09/01/2017 | 09/01/2017 | Գրքեր / Books | 30 Days Loan |
ՀՀ Գիտությունների ազգային ակադեմիայի հիմնարար գիտական գրադարան = Fundamental Scientific Library of NAS RA
All site content, except where otherwise noted, is licensed under a